000
00308 a2200109 4500
001
ART_10894
005
20260410161732.0
008
260409a
245
1
0
_a
Diálogo Este - Oeste
100
1
_a
Kissinger, Henry
773
0
_t
Ejecutivos de finanzas
_g
- Año 3, Nº 29 (jul. 1986)
_w
REV2863
999
_c
17934
_d
17934